[Event "Hvar Arsenal blitz op 2nd"]
[Site "Hvar"]
[Date "2023.10.19"]
[Round "6"]
[White "Simunic, Krunoslav"]
[Black "Lavrov, Maxim1"]
[Result "0-1"]
[WhiteElo "1823"]
[BlackElo "2194"]
[PlyCount "94"]
[EventDate "2023.10.19"]
[EventType "swiss (blitz)"]
[EventRounds "11"]
[EventCountry "CRO"]
[SourceTitle "Mega2024 Update 01"]
[Source "Chessbase"]
[SourceDate "2023.11.12"]
[SourceVersion "1"]
[SourceVersionDate "2023.11.12"]
[SourceQuality "1"]

1. d4 Nf6 2. c4 e6 3. Nf3 b6 4. g3 Bb7 5. Bg2 Be7 6. 0-0 0-0 7. Nc3 d5 8. Ne5 c6 9. e3 Nfd7 10. Nxd7 Nxd7 11. b3 Rc8 12. Bb2 Ba6 13. Qe2 Bf6 14. Rfc1 c5 15. Nb5 Bxb5 16. cxb5 cxd4 17. Bxd4 e5 18. Bb2 d4 19. Bc6 Nc5 20. Ba3 d3 21. Qd2 e4 22. Bxc5 bxc5 23. Rab1 a6 24. Bxe4 axb5 25. Qxd3 Qxd3 26. Bxd3 b4 27. Rc4 Rfd8 28. Bf5 Ra8 29. Rc2 g6 30. Be4 Ra5 31. Rbc1 Bc3 32. a4 f5 33. Bc6 Ra6 34. Bb5 Rad6 35. Rxc3 bxc3 36. Rxc3 Rd2 37. Rxc5 Rb2 38. Bc4+ Kg7 39. Rc7+ Kh6 40. a5 Rdd2 41. a6 Rxf2 42. Bd5 Rfd2 43. Bc4 Rg2+ 44. Kf1 Rgc2 45. Kg1 Rb1+ 46. Bf1 Rxc7 47. b4 Rxb4 0-1

[Event "Hvar Arsenal op"]
[Site "Hvar"]
[Date "2022.10.09"]
[Round "3"]
[White "Simunic, Krunoslav"]
[Black "Fucak, Emilijo"]
[Result "0-1"]
[WhiteElo "1949"]
[BlackElo "2187"]
[PlyCount "112"]
[EventDate "2022.10.08"]
[EventType "swiss"]
[EventRounds "9"]
[EventCountry "CRO"]
[SourceTitle "CBM 210 Extra"]
[Source "ChessBase"]
[SourceDate "2022.11.30"]
[SourceVersion "1"]
[SourceVersionDate "2022.11.30"]
[SourceQuality "1"]

1. d4 e6 2. c4 d5 3. Nc3 a6 4. cxd5 exd5 5. Nf3 c6 6. Bg5 Be7 7. Bxe7 Qxe7 8. e3 Bf5 9. Bd3 Bxd3 10. Qxd3 Nf6 11. 0-0 Nbd7 12. Nd2 0-0 13. Rae1 Rad8 14. f3 c5 15. dxc5 Nxc5 16. Qc2 Ne6 17. Nb3 Qb4 18. Ne2 Rfe8 19. Ned4 Qa4 20. Qb1 b6 21. Rd1 Nc5 22. Rfe1 g6 23. Rc1 Rc8 24. Rc3 Qd7 25. Rec1 Na4 26. Rc6 Kg7 27. Kf2 Rxc6 28. Rxc6 Qe7 29. Qc1 Nxb2 30. Ne6+ Qxe6 31. Rxe6 Nd3+ 32. Kf1 Nxc1 33. Rxe8 Nxe8 34. Nxc1 Kf6 35. Nd3 Ke6 36. h4 Nc7 37. Ke2 Kd6 38. g4 Nb5 39. Kd2 h6 40. f4 d4 41. Ne5 dxe3+ 42. Kxe3 Ke6 43. h5 gxh5 44. gxh5 f5 45. Kd3 Nc7 46. Ng6 Nd5 47. a4 Nf6 48. Nf8+ Kd6 49. Kd4 Nxh5 50. Ng6 Ng3 51. Ne5 h5 52. Nc4+ Ke6 53. Nd2 Ne2+ 54. Ke3 Nc3 55. a5 bxa5 56. Kd3 Nd5 0-1

[Event "CRO-chT U20 29th"]
[Site "Cakovec"]
[Date "2020.07.15"]
[Round "3.3"]
[White "Sundac, Ivano"]
[Black "Simunic, Krunoslav"]
[Result "0-1"]
[WhiteElo "1408"]
[BlackElo "2047"]
[PlyCount "88"]
[EventDate "2020.07.14"]
[EventType "team-tourn"]
[EventRounds "11"]
[EventCountry "CRO"]
[SourceTitle "CBM 197 Extra"]
[Source "ChessBase"]
[SourceDate "2020.09.30"]
[SourceVersion "1"]
[SourceVersionDate "2020.09.30"]
[SourceQuality "1"]
[WhiteTeam "Crikvenica U20"]
[BlackTeam "Split Mornar U20"]
[WhiteTeamCountry "CRO"]
[BlackTeamCountry "CRO"]

1. d4 d5 2. Bf4 Bf5 3. Nf3 e6 4. e3 Bd6 5. Bg3 Nf6 6. Nbd2 0-0 7. Be2 c5 8. c3 Nc6 9. 0-0 Bxg3 10. hxg3 Qb6 11. Qb3 c4 12. Qxb6 axb6 13. Nh4 g5 14. Nxf5 exf5 15. b3 b5 16. bxc4 bxc4 17. Rfb1 Rfb8 18. Rb5 Ra3 19. Nb1 Ra5 20. a4 Ne4 21. Bf3 Rba8 22. Rxb7 Rxa4 23. Rxa4 Rxa4 24. Bxe4 fxe4 25. Rb5 Ra1 26. Kh2 g4 27. Nd2 Ne7 28. Rb7 Kf8 29. Rb8+ Kg7 30. Rb7 Kf6 31. Rb6+ Kf5 32. Rb7 Ke6 33. Rb6+ Kd7 34. Rf6 Rd1 35. Nxc4 dxc4 36. Rxf7 Rc1 37. Rf4 Rxc3 38. Rxg4 Rb3 39. Rxe4 c3 40. Re5 Rb6 41. Ra5 c2 42. Ra7+ Ke8 43. Ra8+ Kf7 44. Ra1 Rb1 0-1

[Event "Hvar U18 3rd"]
[Site "Hvar"]
[Date "2019.10.07"]
[Round "5"]
[White "Simunic, Krunoslav"]
[Black "Ghersinich, Enrico"]
[Result "0-1"]
[WhiteElo "2058"]
[BlackElo "2179"]
[PlyCount "70"]
[EventDate "2019.10.05"]
[EventType "tourn"]
[EventRounds "6"]
[EventCountry "CRO"]
[SourceTitle "CBM 193 Extra"]
[Source "ChessBase"]
[SourceDate "2020.01.31"]
[SourceVersion "1"]
[SourceVersionDate "2020.01.31"]
[SourceQuality "1"]

1. d4 d5 2. c4 dxc4 3. Nf3 Nf6 4. Nc3 a6 5. a4 Nc6 6. d5 Na5 7. e4 c6 8. Ne5 cxd5 9. exd5 e6 10. Bxc4 Nxc4 11. Nxc4 exd5 12. Ne5 d4 13. Qe2 Be6 14. Ne4 Nxe4 15. Qxe4 Bb4+ 16. Kf1 Bd5 17. Qg4 0-0 18. Bh6 Qf6 19. Qxd4 Bc5 20. Qxc5 Qxe5 21. Be3 Qe4 22. f3 Bc4+ 23. Kf2 Qc2+ 24. Kg3 Rac8 25. Qb4 Rfe8 26. Rac1 Qd3 27. Rc3 Qe2 28. Rhc1 b5 29. axb5 axb5 30. R1c2 Qe1+ 31. Bf2 Qe5+ 32. f4 Qh5 33. Qd6 Re6 34. Rxc4 bxc4 35. Rxc4 Rg6+ 0-1

[Event "Hvar op U17"]
[Site "Hvar"]
[Date "2018.10.05"]
[Round "1"]
[White "Simunic, Krunoslav"]
[Black "Ghersinich, Enrico"]
[Result "0-1"]
[WhiteElo "1980"]
[BlackElo "2089"]
[PlyCount "66"]
[EventDate "2018.10.05"]
[EventType "tourn"]
[EventRounds "6"]
[EventCountry "CRO"]
[SourceTitle "CBM 187 Extra"]
[Source "ChessBase"]
[SourceDate "2018.11.04"]
[SourceVersion "1"]
[SourceVersionDate "2018.11.04"]
[SourceQuality "1"]

1. d4 Nf6 2. c4 c5 3. d5 b5 4. cxb5 a6 5. bxa6 g6 6. Nc3 Bg7 7. Nf3 0-0 8. e4 Qa5 9. Bd2 Bxa6 10. Bxa6 Qxa6 11. Qe2 e6 12. Qxa6 Nxa6 13. 0-0 exd5 14. e5 Ne4 15. Nxd5 Nxd2 16. Nxd2 Bxe5 17. Nc4 Bd4 18. Rfe1 Rfe8 19. Kf1 Re6 20. f3 Rb8 21. Rab1 Nb4 22. Nxb4 Rxb4 23. b3 d5 24. Na3 Rbb6 25. Rbd1 Bc3 26. Re2 Rxe2 27. Kxe2 Ra6 28. Nb5 Rxa2+ 29. Kf1 Bd2 30. Nc7 d4 31. Na6 Be3 32. Nxc5 Rf2+ 33. Ke1 Rxg2 0-1

[Event "CRO-chT U16"]
[Site "Nasice"]
[Date "2017.12.29"]
[Round "6"]
[White "Simunic, Krunoslav"]
[Black "Duda, Daniel1111"]
[Result "1/2-1/2"]
[WhiteElo "1970"]
[BlackElo "1997"]
[PlyCount "42"]
[EventDate "2017.12.27"]
[EventType "team-tourn"]
[EventRounds "7"]
[EventCountry "CRO"]
[SourceTitle "EXT 2019"]
[Source "ChessBase"]
[SourceDate "2018.10.10"]
[SourceVersion "1"]
[SourceVersionDate "2018.10.10"]
[SourceQuality "1"]

1. d4 d5 2. c4 e6 3. Nc3 Nf6 4. Bg5 Be7 5. Nf3 0-0 6. e3 h6 7. Bh4 Nbd7 8. Rc1 c5 9. cxd5 Nxd5 10. Bxe7 Nxe7 11. Bd3 cxd4 12. Nxd4 Nf6 13. 0-0 e5 14. Nf3 Bg4 15. Be2 Nc6 16. Qa4 Qb6 17. Qb5 Qxb5 18. Nxb5 e4 19. Nfd4 Nxd4 20. Nxd4 Bxe2 21. Nxe2 Rac8 1/2-1/2

[Event "CRO-chT U20"]
[Site "Sv Filip i Jakov"]
[Date "2017.04.21"]
[Round "5.3"]
[White "Simunic, Krunoslav"]
[Black "Blazeka, Mihaela"]
[Result "0-1"]
[WhiteElo "1947"]
[BlackElo "2037"]
[PlyCount "60"]
[EventDate "2017.04.18"]
[EventType "team-tourn"]
[EventRounds "7"]
[EventCountry "CRO"]
[SourceTitle "EXT 2019"]
[Source "ChessBase"]
[SourceDate "2018.10.10"]
[SourceVersion "1"]
[SourceVersionDate "2018.10.10"]
[SourceQuality "1"]

1. d4 d5 2. c4 e6 3. Nc3 c6 4. Nf3 dxc4 5. a4 Bb4 6. e3 b5 7. Bd2 a5 8. axb5 Bxc3 9. Bxc3 cxb5 10. b3 Bb7 11. d5 Nf6 12. bxc4 b4 13. Bxf6 Qxf6 14. Qa4+ Nd7 15. Nd4 Qe5 16. c5 Bxd5 17. Bb5 Qc7 18. 0-0 Ke7 19. c6 Ne5 20. Qc2 Ng4 21. Qc5+ Qd6 22. Qxd6+ Kxd6 23. e4 Kc5 24. exd5 Kxd4 25. d6 Kc5 26. d7 Kxb5 27. c7 Ne5 28. Rxa5+ Kxa5 29. Ra1+ Kb5 30. Rxa8 Rxa8 0-1